[Event "Ambelokipi op 112th"]
[Site "Athens"]
[Date "2011.04.09"]
[Round "1"]
[White "Kagas, Konstantinos"]
[Black "Efkarpidis, Stylianos"]
[Result "1-0"]
[WhiteElo "2081"]
[BlackElo "1595"]
[PlyCount "38"]
[EventDate "2011.04.09"]
[EventType "swiss"]
[EventRounds "7"]
[EventCountry "GRE"]
[SourceTitle "EXT 2024"]
[Source "ChessBase"]
[SourceDate "2023.10.10"]
[SourceVersion "1"]
[SourceVersionDate "2023.10.10"]
[SourceQuality "1"]

1. e4 d6 2. d4 e6 3. f4 Be7 4. Nf3 b6 5. Bd3 Bb7 6. 0-0 Nd7 7. c4 Ngf6 8. Nc3 c6 9. e5 Ng4 10. Ng5 h5 11. h3 dxe5 12. hxg4 hxg4 13. Nxe6 fxe6 14. Bg6+ Kf8 15. fxe5+ Bf6 16. Qxg4 Ke7 17. exf6+ Nxf6 18. Bg5 Qd6 19. Qf4 e5 1-0

[Event "Ambelokipi op 85th"]
[Site "Athens"]
[Date "2008.03.11"]
[Round "1"]
[White "Tassopoulos, Marios"]
[Black "Efkarpidis, Stylianos"]
[Result "1-0"]
[WhiteElo "2220"]
[BlackElo "1686"]
[PlyCount "55"]
[EventDate "2008.03.11"]
[EventType "swiss"]
[EventRounds "7"]
[EventCountry "GRE"]
[SourceTitle "EXT 2010"]
[Source "ChessBase"]
[SourceDate "2010.11.25"]
[SourceVersion "1"]
[SourceVersionDate "2010.11.25"]
[SourceQuality "1"]

1. e4 c5 2. Nf3 d6 3. d4 cxd4 4. Nxd4 a6 5. c4 e6 6. Nc3 Be7 7. Be3 Nf6 8. Be2 Qc7 9. 0-0 b6 10. Rc1 Bb7 11. f3 Nbd7 12. Qe1 g6 13. Qf2 h5 14. Rfd1 h4 15. b4 Kf8 16. Nb3 Rc8 17. Na4 Qb8 18. Nxb6 Nxb6 19. Bxb6 Bxe4 20. fxe4 Nxe4 21. Qd4 Bf6 22. Qxe4 Qxb6+ 23. c5 d5 24. cxb6 Rxc1 25. Qf4 Rxd1+ 26. Bxd1 Kg7 27. Qc7 Be5 28. Qxe5+ 1-0

[Event "Ambelokipi op 83rd"]
[Site "Athens"]
[Date "2007.12.01"]
[Round "1"]
[White "Delithanasis, Dimitrios"]
[Black "Efkarpidis, Stylianos"]
[Result "1-0"]
[WhiteElo "2204"]
[BlackElo "1713"]
[PlyCount "67"]
[EventDate "2007.12.01"]
[EventType "swiss"]
[EventRounds "7"]
[EventCountry "GRE"]
[SourceTitle "EXT 2024"]
[Source "ChessBase"]
[SourceDate "2023.10.10"]
[SourceVersion "1"]
[SourceVersionDate "2023.10.10"]
[SourceQuality "1"]

1. d4 Nf6 2. c4 d6 3. Nc3 b6 4. e4 Bb7 5. f3 e6 6. Bd3 Nbd7 7. Nge2 Be7 8. Be3 c5 9. Rc1 a6 10. 0-0 Qc7 11. d5 e5 12. Qd2 h6 13. Ng3 g6 14. Bxh6 0-0-0 15. Bg5 Rh7 16. f4 Rdh8 17. fxe5 dxe5 18. h3 Qd6 19. Rf3 Nh5 20. Nxh5 Bxg5 21. Qxg5 Rxh5 22. Qg3 Qe7 23. Rcf1 R8h7 24. Qf2 Qg5 25. Qe3 Qe7 26. Be2 f6 27. Rg3 R5h6 28. Bg4 f5 29. exf5 Nf6 30. fxg6+ Nxg4 31. Rxg4 Rh5 32. gxh7 Qxh7 33. Ne4 Rf5 34. Rxf5 1-0

[Event "Ambelokipi op 80th"]
[Site "Athens"]
[Date "2007.09.08"]
[Round "1"]
[White "Delithanasis, Dimitrios"]
[Black "Efkarpidis, Stylianos"]
[Result "1-0"]
[WhiteElo "2217"]
[BlackElo "1757"]
[PlyCount "67"]
[EventDate "2007.09.08"]
[EventType "swiss"]
[EventRounds "7"]
[EventCountry "GRE"]
[SourceTitle "EXT 2008"]
[Source "ChessBase"]
[SourceDate "2007.11.25"]
[SourceVersion "1"]
[SourceVersionDate "2007.11.25"]
[SourceQuality "1"]

1. e4 c5 2. Nf3 d6 3. d4 cxd4 4. Nxd4 e6 5. c4 Be7 6. Nc3 a6 7. b3 b6 8. Bb2 Bb7 9. g3 Nf6 10. Bg2 Qc7 11. Rc1 Nbd7 12. 0-0 h5 13. h3 g5 14. Qe2 g4 15. h4 Ne5 16. Rfd1 0-0 17. Qe3 Kh7 18. Nce2 Rg8 19. Nf4 Bf8 20. Rc2 Qe7 21. Re2 b5 22. cxb5 axb5 23. Nxb5 Rxa2 24. Nxd6 Nf3+ 25. Bxf3 gxf3 26. Qxf3 e5 27. Nxh5 Rg6 28. Nxb7 Bg7 29. Nd6 Qe6 30. Nf5 Nxh5 31. Qxh5+ Kg8 32. Rd8+ Bf8 33. Red2 Rxb2 34. Rxf8+ 1-0

[Event "Aegean op 27th"]
[Site "Aghios Kirykos"]
[Date "2004.07.15"]
[Round "3"]
[White "Efkarpidis, Stylianos"]
[Black "Nikolaou, Georgios"]
[Result "0-1"]
[WhiteElo "1805"]
[BlackElo "2244"]
[PlyCount "58"]
[EventDate "2004.07.13"]
[EventType "swiss"]
[EventRounds "9"]
[EventCountry "GRE"]
[SourceTitle "CBM 101 Extra"]
[Source "ChessBase"]
[SourceDate "2004.09.01"]
[SourceVersion "2"]
[SourceVersionDate "2004.09.01"]
[SourceQuality "1"]

1. e4 c5 2. Nf3 d6 3. d4 cxd4 4. Nxd4 Nf6 5. f3 e5 6. Nb3 Be6 7. Be3 Be7 8. Nc3 0-0 9. Qd2 a5 10. Qf2 a4 11. Bb6 Qc8 12. Na5 a3 13. Nb5 axb2 14. Rb1 Bd8 15. Rxb2 Rxa5 16. Bxa5 Bxa5+ 17. Kd1 d5 18. Nd6 Qd7 19. Nxb7 dxe4+ 20. Kc1 Bc3 21. Rb5 Na6 22. a4 Bd5 23. Nc5 Nxc5 24. Qxc5 Rc8 25. Qe3 Qd6 26. Rb6 Qa3+ 27. Kd1 exf3 28. gxf3 Qa1+ 29. Ke2 Qe1+ 0-1

[Event "Patras op"]
[Site "Patras"]
[Date "2002.08.07"]
[Round "8.28"]
[White "Nikolopoulou, Danai"]
[Black "Efkarpidis, Stylianos"]
[Result "1-0"]
[WhiteElo "1890"]
[BlackElo "1585"]
[PlyCount "75"]
[EventDate "2002.08.??"]
[EventType "swiss"]
[EventRounds "9"]
[EventCountry "GRE"]
[SourceTitle "CBM 089 Extra"]
[Source "ChessBase"]
[SourceDate "2002.09.10"]
[SourceVersion "2"]
[SourceVersionDate "2002.09.10"]
[SourceQuality "1"]

1. d4 Nf6 2. c4 g6 3. Nc3 Bg7 4. e4 d6 5. f4 0-0 6. Nf3 a6 7. Be2 c6 8. 0-0 Qb6 9. Kh1 Qc7 10. Be3 b5 11. cxb5 cxb5 12. Rc1 Qa5 13. e5 Ne8 14. Qb3 Bb7 15. Nd5 Qd8 16. Nc3 e6 17. Ng5 d5 18. a4 h6 19. Nf3 Bc6 20. axb5 Bxb5 21. Nxb5 Qb6 22. Nd2 axb5 23. Qxb5 Qxb5 24. Bxb5 Ra5 25. Be2 Na6 26. Nb3 Ra2 27. Bxa6 Rxa6 28. Nc5 Ra7 29. Ra1 Rxa1 30. Rxa1 Nc7 31. Ra7 Rc8 32. Kg1 Bf8 33. Rb7 Ne8 34. b4 Bxc5 35. dxc5 f6 36. b5 g5 37. c6 fxe5 38. fxe5 1-0

[Event "Patras op"]
[Site "Patras"]
[Date "2002.08.06"]
[Round "7.36"]
[White "Masouras, Stylianos"]
[Black "Efkarpidis, Stylianos"]
[Result "0-1"]
[WhiteElo "1290"]
[BlackElo "1585"]
[PlyCount "123"]
[EventDate "2002.08.??"]
[EventType "swiss"]
[EventRounds "9"]
[EventCountry "GRE"]
[SourceTitle "CBM 089 Extra"]
[Source "ChessBase"]
[SourceDate "2002.09.10"]
[SourceVersion "2"]
[SourceVersionDate "2002.09.10"]
[SourceQuality "1"]

1. e4 c5 2. Nf3 Nc6 3. d4 cxd4 4. Nxd4 g6 5. b3 Bg7 6. Bb2 Nf6 7. Nxc6 bxc6 8. Bc4 0-0 9. Nd2 d5 10. exd5 cxd5 11. Be2 e6 12. Bf3 Ba6 13. Be2 Qa5 14. 0-0 Rac8 15. Bxa6 Qxa6 16. c4 dxc4 17. Nxc4 Rfd8 18. Qf3 Qc6 19. Qxc6 Rxc6 20. Rad1 Nd5 21. Bxg7 Kxg7 22. h3 Rdc8 23. Rc1 Nb6 24. Nxb6 axb6 25. Rxc6 Rxc6 26. Re1 b5 27. Kf1 b4 28. Ra1 Rc3 29. Ke1 Kf6 30. Kd1 Ke5 31. Rc1 Kd4 32. Rc2 f5 33. Rd2+ Ke5 34. Rd7 h5 35. Rb7 Rd3+ 36. Kc2 Rd4 37. Rb5+ Kf6 38. Rc5 Rd5 39. Rc4 Rb5 40. f4 h4 41. Kd3 g5 42. Ke3 gxf4+ 43. Kxf4 e5+ 44. Kf3 Kg5 45. Ke3 Rb6 46. Rc8 Rd6 47. Rg8+ Kf6 48. Rf8+ Ke6 49. Re8+ Kf6 50. Rf8+ Kg6 51. Rg8+ Kf7 52. Rh8 Rd4 53. Rh7+ Ke6 54. Rh6+ Kd5 55. Rh8 Re4+ 56. Kd3 Rd4+ 57. Ke3 f4+ 58. Kf3 Rd3+ 59. Ke2 Rd4 60. Rxh4 f3+ 61. Kxf3 Rxh4 62. g3 0-1

[Event "Athens SAE op"]
[Site "Athens"]
[Date "2001.10.20"]
[Round "4.13"]
[White "Efkarpidis, Stylianos"]
[Black "Nakas, Spyridon"]
[Result "1-0"]
[WhiteElo "1675"]
[BlackElo "1575"]
[PlyCount "78"]
[EventDate "2001.10.08"]
[EventType "swiss"]
[EventRounds "7"]
[EventCountry "GRE"]
[SourceTitle "EXT 2003"]
[Source "ChessBase"]
[SourceDate "2002.11.25"]
[SourceVersion "1"]
[SourceVersionDate "2002.11.25"]
[SourceQuality "1"]

1. e4 e5 2. Bc4 Nf6 3. d3 Be7 4. Nf3 Nc6 5. Be3 0-0 6. h3 d5 7. exd5 Nxd5 8. 0-0 a6 9. a3 Be6 10. Nbd2 f5 11. Nb3 b6 12. Qe2 h6 13. Bd2 Bd6 14. Rae1 Qf6 15. Nfd4 Nxd4 16. Nxd4 Bf7 17. Nc6 Rfe8 18. Qf3 Nf4 19. Bxf4 Bxc4 20. Nxe5 Bb5 21. c4 Ba4 22. d4 Bc2 23. Qc3 Be4 24. f3 Bb7 25. b4 Qh4 26. Bh2 Re6 27. f4 Be4 28. c5 Bxe5 29. dxe5 b5 30. Qb3 Kf7 31. g4 Ke7 32. Rxe4 fxe4 33. f5 Rc6 34. Qd5 Qxh3 35. Qxe4 Rd8 36. Qxc6 Qxg4+ 37. Qg2 Qd4+ 38. Kh1 Kd7 39. f6 g5 1-0

[Event "Athens SAE op"]
[Site "Athens"]
[Date "2001.10.08"]
[Round "1.5"]
[White "Kiriazis, Dimitrios"]
[Black "Efkarpidis, Stylianos"]
[Result "1-0"]
[WhiteElo "2077"]
[BlackElo "1675"]
[PlyCount "84"]
[EventDate "2001.10.08"]
[EventType "swiss"]
[EventRounds "7"]
[EventCountry "GRE"]
[SourceTitle "EXT 2003"]
[Source "ChessBase"]
[SourceDate "2002.11.25"]
[SourceVersion "1"]
[SourceVersionDate "2002.11.25"]
[SourceQuality "1"]

1. e4 e5 2. Nf3 Nc6 3. Bb5 Qf6 4. Nc3 Nge7 5. d3 h6 6. Be3 a6 7. Bxc6 bxc6 8. 0-0 Ng6 9. d4 Bd6 10. d5 Bb7 11. Rb1 a5 12. dxc6 Bxc6 13. Nd5 Qe6 14. c4 Rc8 15. c5 Be7 16. Qd2 a4 17. b4 axb3 18. axb3 0-0 19. b4 Bb5 20. Rfd1 f5 21. exf5 Rxf5 22. Ne1 e4 23. Nc3 Bd3 24. Nxd3 exd3 25. Qxd3 Ne5 26. Qe4 Rcf8 27. b5 Qg6 28. Nd5 Bd8 29. b6 cxb6 30. cxb6 Nf3+ 31. Kh1 Re8 32. Qxe8+ Qxe8 33. b7 Qh5 34. b8Q Rf8 35. gxf3 Qxf3+ 36. Kg1 Bh4 37. Qb2 Qh3 38. f4 Re8 39. Bd4 Qf5 40. Qg2 g5 41. Nf6+ Kf7 42. Nxe8 Kxe8 1-0

[Event "Ambelokipi op 19th"]
[Site "Athens"]
[Date "1999.??.??"]
[Round "2"]
[White "Efkarpidis, Stylianos"]
[Black "Ntatsis, Georgios"]
[Result "0-1"]
[WhiteElo "1810"]
[BlackElo "2095"]
[PlyCount "66"]
[EventDate "1999.??.??"]
[EventType "swiss"]
[EventRounds "7"]
[EventCountry "GRE"]
[SourceTitle "EXT 2004"]
[Source "ChessBase"]
[SourceDate "2003.11.25"]
[SourceVersion "1"]
[SourceVersionDate "2003.11.25"]
[SourceQuality "1"]

1. e4 c5 2. Nf3 Nc6 3. d4 cxd4 4. Nxd4 e5 5. Nb3 h6 6. a3 Nf6 7. Nc3 a5 8. Be3 a4 9. Nc1 Qa5 10. Qd2 Ng4 11. Nd5 Nxe3 12. Qxa5 Nxc2+ 13. Kd1 Rxa5 14. Kxc2 Nd4+ 15. Kd1 d6 16. Bc4 Rc5 17. b3 axb3 18. Bxb3 Bg4+ 19. Kd2 Rxc1 20. Ba4+ Rc6 21. Rab1 Bc8 22. Rhc1 Be7 23. Rb6 Bd8 24. Rcxc6 bxc6 25. Rb8 Bd7 26. Nc7+ Ke7 27. Kd3 Rf8 28. f4 Bxc7 29. Rb7 Ne6 30. Kc4 Ra8 31. Bb3 exf4 32. e5 d5+ 33. Kc3 Bxe5+ 0-1